000 00728nam a2200205Ii 4500
001 8739
003 CO-ViMGA
008 241108s9999||||xx |||||||||||||| ||und||
040 _aCO-ViMGA
_bspa
_erda
_cCO-ViMGA
041 0 _aspa
082 0 4 _a614.4 O68
110 1 _aOrganización de las Naciones Unidas para la Agricultura y la Alimentación,
_944180
245 1 0 _aEl aporte de la veterinaria a la salud pública:
_binforme del comité mixto FAO/
_cOMS de expertos en veterinaria de salud pública
264 1 _aRoma, Italia : FAO, 1976
300 _avolumen
336 _atext
_btxt
_2rdacontent
337 _aunmediated
_bn
_2rdamedia
338 _avolume
_bnc
_2rdacarrier
940 _aidficha_siabuc: 8542. -- ficha_no_siabuc:8739
999 _c38631
_d38631